Statistics for Countries by Cities #1

Click here to take the quiz!

General Stats

  • This quiz has been taken 74 times
  • The average score is 13 of 15

Answer Stats

CitiesCountry% Correct
Sao Paulo, Recife, BrasiliaBrazil
100%
Cologne, Dusseldorf, FrankfurtGermany
100%
Vancouver, Calgary, Thunder BayCanada
98%
Milan, Naples, FlorenceItaly
98%
Hiroshima, Nagoya, OsakaJapan
98%
Bangalore, Hyderabad, KolkataIndia
95%
Ghent, Antwerp, BrugesBelgium
93%
Kingston, Montego Bay, Port AntonioJamaica
91%
Lahore, Karachi, IslamabadPakistan
91%
Nicosia, Paphos, LarnacaCyprus
88%
Sana'a, Taizz, AdenYemen
88%
Darwin, Hobart, CairnsAustralia
86%
East London, Durban, Port ElizabethSouth Africa
81%
Bandung, Medan, MakassarIndonesia
59%
Maun, Francistown, SeroweBotswana
17%

Score Distribution

Percentile by Number Answered

Percent of People with Each Score

Your Score History

You have not taken this quiz